Charakterizácia zliatin s viacerými základnými prvkami na báze Ga-Ni-Co-Cr-Fe

Salvato in:
Dettagli Bibliografici
Autore principale: Nálepka, Juraj (Autore)
Altri autori: Priputen, Pavol (Relatore della tesi)
Natura: Manoscritto Libro
Lingua:slovacco
Pubblicazione: 2020
Soggetti:
Accesso online:http://is.stuba.sk/zp/portal_zp.pl?podrobnosti=148311
Tags: Aggiungi Tag
Nessun Tag, puoi essere il primo ad aggiungerne!!

MARC

LEADER 00000ntm a22000003a 4500
001 stuzp78782
003 SK-STU
005 20200718211133.1
007 ta
008 150427s2015----xo-----f-mn---000-0-slo-d
040 |a STU  |b slo 
041 0 |a slo 
100 1 |a Nálepka, Juraj  |u 061000  |4 aut  |U MTF Materiálovotechnologická fakulta  |T MTF Ústav materiálov  |X 88334  |U M1000  |Y 81  |7 88334 
242 0 1 |a Characterization of Ga-Ni-Co-Cr-Fe multi-principle element alloys  |y eng 
245 1 0 |a Charakterizácia zliatin s viacerými základnými prvkami na báze Ga-Ni-Co-Cr-Fe 
260 |c 2020 
650 4 |a Zliatiny s viacerými základnými prvkami  |2 slo 
650 4 |a Viacprvkové zliatiny  |2 slo 
650 4 |a Mikroštruktúra  |2 slo 
650 4 |a GaNiCoCrFe  |2 slo 
650 4 |a Multi principal element alloys  |2 eng 
650 4 |a Multi component alloys  |2 eng 
650 4 |a Microstructure  |2 eng 
650 4 |a GaNiCoCrFe  |2 eng 
700 1 |a Priputen, Pavol  |u 061000  |k Z2  |4 ths  |U MTF Materiálovotechnologická fakulta  |T MTF Ústav materiálov  |X 54882  |U M1000  |Y 81  |7 A000054882 
856 4 |u http://is.stuba.sk/zp/portal_zp.pl?podrobnosti=148311 
996 |c M* BP-8928  |l MMSKP  |s P  |a 0  |w stuzp78782_0001